=LDR 00000nam 2200000 4500 =001 INLIS000000000061445 =005 20221018082118 =035 ##$$a 0010-1022000186 =007 ta =008 221018###########################0###### =020 ##$$a 978-623-6087-57-2 =082 ##$$a 899. 221 3 =084 ##$$a 899. 221 3 SHA a =100 #$$a Shantymilan =245 1#$$a Alva /$c Shantymilan =260 ##$$a Mataram :$b Novelindo Publishing,$c 2021 =300 ##$$a 245 halaman ; $c 20 cm =650 #4$$a Fiksi - Indonesia =990 ##$$a 07650765 =990 ##$$a 375/51/2022